000
00311nam a22001217a 4500
008
230626b xxu||||| |||| 00| 0 eng d
082
_a
332.1
_b
CBK
100
_c
Central Bank of Kenya
245
_a
Statistical Bulletin
_b
December 2001
260
_b
Central Bank of Kenya
_c
2001
300
_a
67p
942
_2
ddc
_c
BK
999
_c
2749
_d
2749